Isogram Breakdown Puzzle #5 - Statistics

General Stats
  • This quiz has been taken 587 times
  • The average score is 17 of 24
Answer Stats
Hint Answer % Correct
Life's end Death
98%
E.T. eg, Alien
93%
Clever Smart
91%
'Ribbit'ers Frogs
89%
Burial plot Grave
88%
Sat for a photo Posed
87%
Clues Hints
86%
Telling fibs Lying
85%
Coin-flip call Tails
85%
Flashlight Torch
83%
Treat pool water CHLORINATE
80%
Gathering crops HARVESTING
80%
Wall painting Mural
76%
Stole from a store SHOPLIFTED
76%
Elm Street terrors NIGHTMARES
73%
Squalor, grime Filth
72%
Whinny Neigh
71%
Corleone family heads GODFATHERS
67%
Elvis' dog? Hound
52%
Sousa music March
38%
Grimace Wince
35%
Pleasingly, entrancingly CHARMINGLY
33%
Bizarre, eccentric OUTLANDISH
30%
Its atomic number is 103 LAWRENCIUM
28%
No matching quizzes found
Score Distribution
Percent of People with Each Score
Percentile by Number Answered
Your Score History
You have not taken this quiz